Dynamic programming : models and applications /

Bibliographic Details
Main Author: Denardo, Eric V., 1937-
Format: Book
Language:English
Published: Englewood Cliffs, N.J. : Prentice-Hall, [1982]
Subjects:

MARC

Tag First Indicator Second Indicator Subfields
LEADER 00000pam a2200000 a 4500
001 in00000075841
005 20151008054859.0
008 810519s1982 njua b 00110 eng
010 |a  81008613  
020 |a 0132215071 
035 |a (OCoLC)07555938 
035 |9 AAJ1944AM 
040 |a DLC  |c DLC  |d TXA  |d UtOrBLW 
049 |a TXAM  |c [933031] 
050 0 0 |a T57.83  |b .D45 
082 0 |a 519.7/03  |2 19 
100 1 |a Denardo, Eric V.,  |d 1937- 
245 1 0 |a Dynamic programming :  |b models and applications /  |c Eric V. Denardo. 
264 1 |a Englewood Cliffs, N.J. :  |b Prentice-Hall,  |c [1982] 
264 4 |c ©1982 
300 |a xii, 227 pages :  |b illustrations ;  |c 24 cm. 
336 |a text  |b txt  |2 rdacontent 
337 |a unmediated  |b n  |2 rdamedia 
338 |a volume  |b nc  |2 rdacarrier 
500 |a Includes indexes. 
504 |a Bibliography: pages 210-217. 
650 0 |a Dynamic programming. 
999 |a MARS 
999 f f |s 5f326b84-8fff-3942-8ccb-802bdf539ec5  |i 10206168-fa52-3d11-8240-32e4b95db545  |t 0 
952 f f |p normal  |a Texas A&M University  |b College Station  |c Sterling C. Evans Library  |d Evans: Library Stacks  |t 0  |e T57.83 .D45  |h Library of Congress classification  |i unmediated -- volume  |m A14806240396 
998 f f |a T57.83 .D45  |t 0  |l Evans: Library Stacks